People by their dates and places of birth (Russians) - Statistics

General Stats
  • This quiz has been taken 6 times
  • The average score is 10 of 24
Answer Stats
Date Place Person % Correct
1729-05-02 Stettin, Prussia (now Poland) Catherine II
100%
1878-12-18 Gori (now Georgia) Joseph Stalin
100%
1870-04-22 Simbirsk / Ulyanovsk Vladimir Lenin
100%
1952-10-07 Leningrad / Saint Petersburg Vladimir Putin
100%
1868-05-18 Tsarskoye Selo / Pushkin Nicholas II
83%
1818-04-29 Moscow Kremlin Alexander II
67%
1828-09-09 Yasnaya Polyana, Tula Oblast Leo Tolstoy
67%
1931-03-02 Privolnoye, Stavropol Krai Mikhail Gorbachev
67%
1799-06-06 Moscow Alexander Pushkin
50%
1894-04-15 Kalinovka, Kursk Oblast Nikita Khrushchev
50%
1931-02-01 Butka, Sverdlovsk Oblast Boris Yeltsin
33%
1869-01-21 Pokrovskoye, Tyumen Oblast Grigori Rasputin
33%
1840-05-07 Votkinsk, Udmurt Republic Pyotr Tchaikovsky
33%
1834-02-08 Tobolsk, Tyumen Oblast Dmitri Mendeleev
17%
1839-03-21 Karevo, Pskov Oblast Modest Mussorgsky
17%
1967-04-30 Varna (Bulgaria) Philipp Kirkorov
17%
1886-10-24 Ghoresha (now Georgia) Sergo Ordzhonikidze
17%
1934-03-09 Klushino, Smolensk Oblast Yuri Gagarin
17%
1944-06-26 Mymrino, Oryol Oblast Gennady Zyuganov
0%
1855-10-27 Dolgoye, Ryazan Oblast Ivan Michurin
0%
1849-09-26 Ryazan Ivan Pavlov
0%
1857-09-17 Izhevskoye, Ryazan Oblast Konstantin Tsiolkovsky
0%
1898-01-22 Riga (now Latvia) Sergei Eisenstein
0%
1982-06-03 Volgograd Yelena Isinbayeva
0%
No matching quizzes found
Score Distribution
Percent of People with Each Score
Percentile by Number Answered
Your Score History
You have not taken this quiz